Spiritualità e operosità delle donne imprenditrici (Record n. 210010)
[ formato base ]
| 000 -LEADER | |
|---|---|
| fixed length control field | 01442nam a2200205Ia 4500 |
| 001 - CONTROL NUMBER | |
| control field | b6978-50834 |
| 003 - CONTROL NUMBER IDENTIFIER | |
| control field | IT-MiCISF |
| 008 - FIXED-LENGTH DATA ELEMENTS--GENERAL INFORMATION | |
| fixed length control field | 161014s9999||||xx |||||||||||||| ||und|| |
| 040 ## - CATALOGING SOURCE | |
| Original cataloging agency | IT-MiCISF |
| Transcribing agency | IT-MiCISF |
| 041 ## - LANGUAGE CODE | |
| Language code of text/sound track or separate title | it |
| 999 ## - SYSTEM CONTROL NUMBERS (KOHA) | |
| Koha Dewey Subclass [OBSOLETE] | si |
| 100 ## - MAIN ENTRY--PERSONAL NAME | |
| Personal name | AA.VV. |
| 245 #0 - TITLE STATEMENT | |
| Title | Spiritualità e operosità delle donne imprenditrici |
| Remainder of title | Risultati di un'inchiesta e testimonianze |
| 250 ## - EDITION STATEMENT | |
| Edition statement | 1a ed. |
| 260 ## - PUBLICATION, DISTRIBUTION, ETC. (IMPRINT) | |
| Place of publication, distribution, etc. | Milano |
| Name of publisher, distributor, etc. | Franco Angeli |
| Date of publication, distribution, etc. | 2010 |
| 300 ## - PHYSICAL DESCRIPTION | |
| Extent | pp. 156 |
| 500 ## - GENERAL NOTE | |
| General note | Censis-CEI. Ufficio nazionale per i problemi sociali e il lavoro / lavoro, donna, società, religione, esperienze / Lo sviluppo dell'imprenditoria femminile si inserisce nel lento ma progressivo cammino di emancipazione della donna verso una sua affermazione nel campo lavorativo. Le specificità della dimensione femminile dell'impresa si individuano in una cultura del profitto ben temperato, nell'operosità incline a coltivare la componente spirituale, nell'ascolto e nell'attenzione riservata alla persona, in una certa sapienza che ha radici religiose. La ricerca, commissionata al Censis dall'Ufficio Nazionale per i problemi sociali e il lavoro della CEI, delinea puntualmente un quadro di orientamento sull'attuale fase di sviluppo della cultura d'impresa al femminile. Il volume si completa con le testimonianze di alcune donne imprenditrici sulla loro esperienza di vita. |
| 650 ## - SUBJECT ADDED ENTRY--TOPICAL TERM | |
| Topical term or geographic name as entry element | Identità e genere / lavoro |
| Relator term | 003 |
| 942 ## - ADDED ENTRY ELEMENTS (KOHA) | |
| Koha item type | LIBRO |
| 957 ## - | |
| -- | 1 |
| 999 ## - SYSTEM CONTROL NUMBERS (KOHA) | |
| -- | 1 |
| Withdrawn status | Lost status | Damaged status | Not for loan | Home library | Current library | Date acquired | Total Checkouts | Full call number | Date last seen | Price effective from | Koha item type | Public note |
|---|---|---|---|---|---|---|---|---|---|---|---|---|
| Buone Condizioni | Not For Loan | CISF - Milano | CISF - Milano | 14/10/2016 | b6978-50834 | 14/10/2016 | 14/10/2016 | LIBRO | Data import 15.10.2016 / by Epidotti, Vaglietti |